Open Data Biblioteca Nacional de Portugal


República Portuguesa: Ministério da Cultura
Biblioteca Nacional de Portugal

Catálogo da BNP: acesso por Identificadores Unívocos
Registos Bibliográficos associados ao registo de autoridade

Etiqueta de registo: 00845nam 02200289 04500
001 1851443
003 http://id.bnportugal.gov.pt/bib/catbnp/1851443
010 ## $a978-989-8455-60-4
021 ## $aPT$b359172/13
100 ## $a20131001d2013 d y0pory0103 ba
101 0# $apor
102 ## $aPT
105 ## $aa z 000fy
106 ## $ar
200 1# $aDeste e de outros reinos$f Maria José Barros$gil. Ana Varela
205 ## $a1ª ed
210 #9 $aAlcochete$cAlfarroba,$d2013
215 ## $a44 p.$cil.$d25 cm
225 2# $aInfanto juvenil
675 ## $a087.5$vBN$zpor$3287999
675 ## $a821.134.3-34"20"$vBN$zpor$31018838
675 ## $a821.134.3-93"20"$vBN$zpor$31046482
700 #1 $aBarros,$bMaria José,$f1963-$3258110
702 #1 $92$aVarela,$bAna$4440$31546714
801 #0 $aPT$bBN$gRPC
856 41 $uhttp://rnod.bnportugal.gov.pt/ImagesBN/winlibimg.aspx?skey=&doc=1851443&img=32628&save=true
900 ## $aBIBNAC$d20131022
966 ## $lBN$mFGMON$sP. 38262 V.$x1
966 ## $lBN$mFGMON$sP. 38262 V.-D$x1

Etiqueta de registo: 00230nam 2200025 450
001 1871318
003 http://id.bnportugal.gov.pt/bib/catbnp/1871318
010 ## $a978-989-8455-59-8
021 ## $aPT$b359578/13
100 ## $a20140424d2013 d y0pory0103 ba
101 0# $apor
102 ## $aPT
105 ## $aa z 000fy
106 ## $ar
200 1# $aAlma de mar$fAna Cadima$gil. Ana Varela
210 #9 $aAlcochete$cAlfarroba,$d2013
215 ## $a20 p.$cmuito il.$d22 cm
225 2# $aInfantil
675 ## $a087.5$vBN$zpor$3287999
675 ## $a821.134.3-93"20"$vBN$zpor$31046482
675 ## $a821.134.3-34"20"$vBN$zpor$31018838
700 #1 $92$aCadima,$bAna$31571654
702 #1 $92$aVarela,$bAna$4440$31546714
801 #0 $aPT$bBN$gRPC
856 41 $uhttp://rnod.bnportugal.gov.pt/ImagesBN/winlibimg.aspx?skey=&doc=1871318&img=42123&save=true
900 ## $aBIBNAC$d20140515
966 ## $lBN$mFGMON$sP. 39654 V.$x1
966 ## $lBN$mFGMON$sP. 39654 V.-D$x1

Etiqueta de registo: 00254nam 2200025 450
001 2285662
003 http://id.bnportugal.gov.pt/bib/catbnp/2285662
010 ## $a978-972-20-8714-8
021 ## $aPT$b552754/25
100 ## $a20260504d2026 b y0pory01030103ba
101 1# $apor
102 ## $aPT
105 ## $aa z 000yy
106 ## $ar
200 1# $aAmigos da quinta$fil. Ana Varela$gtrad. Sara Gomes
205 ## $a1ª ed
210 #9 $aLisboa$cDom Quixote,$d2026
215 ## $a1 v.$cil.$d20 cm
225 2# $aLivro cucu
702 #1 $92$aVarela,$bAna$4440$31546714
702 #1 $aGomes,$bSara$4730$3223105
801 #0 $aPT$bBN$gRPC
966 ## $lBN$mFGMON$x1
966 ## $lBN$mFGMON$x1
971 ## $cisantos$d20260504

Etiqueta de registo: 00254nam 2200025 450
001 2285659
003 http://id.bnportugal.gov.pt/bib/catbnp/2285659
010 ## $a978-972-20-8715-5
021 ## $aPT$b552755/25
100 ## $a20260504d2026 b y0pory01030103ba
101 1# $apor
102 ## $aPT
105 ## $aa z 000yy
106 ## $ar
200 1# $aAmigos da floresta$fil. Ana Varela$gtrad. Sara Gomes
205 ## $a1ª ed
210 #9 $aLisboa$cDom Quixote,$d2026
215 ## $a1 v.$cil.$d20 cm
225 2# $aLivro cucu
702 #1 $92$aVarela,$bAna$4440$31546714
702 #1 $aGomes,$bSara$4730$3223105
801 #0 $aPT$bBN$gRPC
966 ## $lBN$mFGMON$x1
966 ## $lBN$mFGMON$x1
971 ## $cisantos$d20260504

OpendataBNP@bnportugal.pt | Mais informação sobre acesso aos dados BNP